Normal view
MARC view
- VILRCK, CHARLES J,FRENCH, THOMAS E
Entry Personal Name
001 - CONTROL NUMBER
- control field: 79039
003 - CONTROL NUMBER IDENTIFIER
- control field: NUST
005 - DATE AND TIME OF LATEST TRANSACTION
- control field: 20210628210332.0
008 - FIXED-LENGTH DATA ELEMENTS
- fixed length control field: 210628|| aca||aabn | a|a d
040 ## - CATALOGING SOURCE
- Original cataloging agency: NUST
- Transcribing agency: NUST
100 ## - HEADING--PERSONAL NAME
- Personal name: VILRCK, CHARLES J,FRENCH, THOMAS E
670 ## - SOURCE DATA FOUND
- Source citation: Work cat.: (NUST): VILRCK, CHARLES J,FRENCH, THOMAS E, A MANUAL OF ENGINEERING DRAWING FOR STUDENTS AND DRAFTSMAN, 1966
